000 00590nam a2200193Ia 4500
005 20250508150642.0
008 008 250505s9999 xx 000 0 eng d
037 _aTextual
040 _aFEDL
_beng
_cFEDL
041 _aeng
_2eng
084 _a157.9, BOW
_qFEDL
100 _aBowlby John
_9121125
245 0 _aPersonality and mental illness : An essay in psychiatric diagnosis
260 _aLondon, UK
_bKegan Paul, Trench, Trubner and Co. Ltd
_c1940
300 _axii,280p.
650 _aAbnormal Psychology
942 _cTEXL
_h157.9, BOW
999 _c1324817
_d1324817